Easternmost Bordering Country #2 - Statistics

General Stats
  • This quiz has been taken 29 times
  • The average score is 19 of 20
Answer Stats
Hint Answer % Correct
Sweden Finland
100%
Monaco France
100%
Tunisia Libya
100%
Croatia Serbia
100%
Israel Syria
100%
Greece Turkey
100%
Mexico Belize
96%
Argentina Brazil
96%
Jordan Iraq
96%
Russia North Korea
96%
Bulgaria Romania
96%
Lesotho South Africa
96%
United States Canada
92%
Somalia Ethiopia
92%
East Timor Indonesia
92%
Benin Nigeria
92%
Gambia Senegal
92%
Burundi Tanzania
92%
Tajikistan China
88%
Bhutan India
85%
No matching quizzes found
Score Distribution
Percent of People with Each Score
Percentile by Number Answered
Your Score History
You have not taken this quiz